000
00306nam a22001337a 4500
082
_a
823
_b
SWI/G
100
_a
SWIFT, JONATHAN
245
_a
GULLIVERS TRAVELS
246
_a
GULLIVERS TRAVELS
_b
GULLIVERS TRAVELS
260
_a
KOTTAYAM
_b
AVANTY
_c
2022
300
_a
91
650
_a
ENGLISH STORY
942
_c
BK
999
_c
9136
_d
9136